| 000 -LEADER |
| fixed length control field |
00381cam a22001097a 4500 |
| 008 - FIXED-LENGTH DATA ELEMENTS--GENERAL INFORMATION |
| fixed length control field |
180718b1963 xxu||||| |||| 00| 0 eng d |
| 082 ## - DEWEY DECIMAL CLASSIFICATION NUMBER |
| Classification number |
L2703x5421 Ut |
| 245 ## - TITLE STATEMENT |
| Title |
A-journal dealing with the U.P. and central sales tax laws |
| Statement of responsibility, etc. |
by Sales Tax Department, Uttar Pradesh |
| 260 ## - PUBLICATION, DISTRIBUTION, ETC. |
| Place of publication, distribution, etc. |
Lucknow |
| Name of publisher, distributor, etc. |
Sales Tax Department |
| Date of publication, distribution, etc. |
1963 |
| 300 ## - PHYSICAL DESCRIPTION |
| Extent |
117+p. |
| 700 ## - ADDED ENTRY--PERSONAL NAME |
| Personal name |
Uttar Pradesh. Sales Tax Department |